| 000 | 00000nam##2200000za#4500 |
| 001 | 9.569519 |
| 003 | CaOODSP |
| 005 | 20210624181815 |
| 007 | cr ||||||||||| |
| 008 | 150406|2006||||xxc|||||o f|0| 0 eng|d |
| 040 | |aCaOODSP|beng |
| 043 | |an-cn--- |
| 086 | 1 |aNH18-1/6-3-2006E-PDF |
| 110 | 2 |aCanada Mortgage and Housing Corporation. |
| 245 | 14|aThe housing situation and needs of recent immigrants in the Montréal metropolitan area / |h[electronic resource]|c[by] Damaris Rose, Annick Germain and Virginie Ferreira. |
| 260 | |aOttawa - Ontario : |bCanada Mortgage and Housing Corporation |c2006. |
| 300 | |a99p.|bgraphs, maps, references, tables |
| 490 | 1 |aResearch report |
| 590 | |a11-08-Supp|b2011-06-16 |
| 720 | 1 |aRose, Damaris |
| 720 | 1 |aGermain, Annick |
| 720 | 1 |aFerreira, Virginie |
| 775 | 08|tLa situation résidentielle et les besoins en logement des immigrants récents dans la région métropolitaine de Montréal / |w(CaOODSP)9.600620 |
| 830 | #0|aResearch report (Canada Mortgage and Housing Corporation : Online)|w(CaOODSP)9.506068 |
| 856 | 40|ahttp://publications.gc.ca|qPDF|s929 KB|uhttps://publications.gc.ca/collections/collection_2011/schl-cmhc/nh18-1/NH18-1-6-3-2006-eng.pdf |